00472nam a22001577a 4500003000400000005001700004008004100021020002200062040003200084100003200116245008200148250003600230300001000266650002700276650001100303OSt20240826115155.0240826b ||||| |||| 00| 0 spa d a978-987-4459-34-3 cBiblioteca Ernesto Sábato aSánchez Freytes, Fernando aCódigo procesal penal de la provincia de Río Negrob: anotado y comentado a1a. ed.bActualizada y ampliada a794 p aDERECHO PROCESAL PENAL aCODIGO